Kỹ thuật điện. Tập 1 =Electrical engineering. Series I /

Tallennettuna:
Bibliografiset tiedot
Aineistotyyppi: Kirja
Kieli:Vietnamese
Julkaistu: Lao Động Xã hội, 2000.
Aiheet:
Tagit: Lisää tagi
Ei tageja, Lisää ensimmäinen tagi!
Thư viện lưu trữ: Mạng thư viện Đại học Đà Nẵng
LEADER 01030nam a2200301 a 4500
001 000002650
003 01729
005 20220608151516.0
008 171229s2000 vie
040 |a LSK 
041 0 |a VIE 
082 0 |a 621.3  |b Ky-T 
245 0 0 |a Kỹ thuật điện. Tập 1 =Electrical engineering. Series I /  |c Choi Young Sik biên soạn; Trần Toàn Thắng dịch. 
260 |b Lao Động Xã hội,  |c 2000. 
300 |a 40 pages ;  |c 27 cm. 
653 |a Kỹ thuật điện 
852 |a Phòng Đọc - Phòng Mượn 
901 |a 17 
927 |a Sách tham khảo 
OWN |a LSK 
AVA |a UDN50  |b LSK  |d 621.3 Ky-T  |e check_holdings  |t Error 5003 Not defined in file expand_doc_bib_avail.  |h N  |k 1 
999 |a From the UDN01 
AVA |a UDN50  |b LSK  |d 621.3 Ky-T  |e available  |t Error 5001 Not defined in file expand_doc_bib_avail.  |f 17  |g 0  |h N  |i 0  |k 1 
TYP |a Monograph 
TYP |a Printed language 
980 |a Mạng thư viện Đại học Đà Nẵng